Structural Interdependence and Development Proceedings of an International Conference on Imput-Output Techniques, Geneva, September 1961

Gespeichert in:
Bibliographische Detailangaben
Format: Buch
Sprache:Englisch
Veröffentlicht: London MacMillan 1963
Ausgabe:1. ed.
Tags: Tag hinzufügen
Keine Tags, Fügen Sie das erste Tag hinzu!

MARC

LEADER 00000nam a2200000 4500
001 c034205
005 20221220103657.1
041 0 |a eng 
044 |a GB 
245 1 0 |a Structural Interdependence and Development  |b Proceedings of an International Conference on Imput-Output Techniques, Geneva, September 1961 
250 |a 1. ed. 
264 1 |a London  |b MacMillan  |c 1963 
300 |a 365 s.